| 000 | 00431nam a2200133Ia 4500 | ||
|---|---|---|---|
| 008 | 220216s9999 xx 000 0 und d | ||
| 100 | _aFurukawa M | ||
| 245 | 0 | _aSynthesis and characterization of liquid-crystalline polyurethane elastomers | |
| 260 | _bProceedings of the International Rubber Conference, Kobe, Japan, 1995; p527-530 | ||
| 650 | _aPolyurethane elastomers | ||
| 700 | _aHigashi H | ||
| 700 | _aOda Y | ||
| 942 | _cJS | ||
| 999 |
_c70130 _d70130 |
||